[Event "Montigny le Bretonneux op 25th"]
[Site "Montigny le Bretonneux"]
[Date "2023.05.20"]
[Round "4"]
[White "Ferreira, Carlos"]
[Black "Nosperger, Theo"]
[Result "1-0"]
[WhiteElo "1675"]
[BlackElo "1199"]
[PlyCount "61"]
[EventDate "2023.05.18"]
[EventType "swiss"]
[EventRounds "9"]
[EventCountry "FRA"]
[SourceTitle "CBM 214 Extra"]
[Source "ChessBase"]
[SourceDate "2023.07.31"]
[SourceVersion "1"]
[SourceVersionDate "2023.07.31"]
[SourceQuality "1"]

1. d4 Nf6 2. Bf4 d5 3. e3 c5 4. c3 Nc6 5. Bd3 c4 6. Bc2 e6 7. Nf3 Bd6 8. Bg3 Nh5 9. Bxd6 Qxd6 10. 0-0 0-0 11. Bxh7+ Kxh7 12. Ng5+ Kh6 13. f4 g6 14. Rf3 Kg7 15. g4 Nf6 16. Rh3 Bd7 17. Nd2 Rh8 18. Rg3 Rh6 19. Ngf3 Rhh8 20. Qc2 Nh7 21. Rb1 f5 22. gxf5 exf5 23. Nh4 Ne7 24. Ndf3 Nf6 25. Rg2 Ng4 26. Qd2 Ba4 27. h3 Nf6 28. Qe1 Ne4 29. Ne5 Rh6 30. Nexg6 Nxg6 31. Nxf5+ 1-0

[Event "Yvelines-ch"]
[Site "Fontenay le Fleury"]
[Date "2012.02.26"]
[Round "7"]
[White "Gaillard, Michel"]
[Black "Ferreira, Carlos"]
[Result "1-0"]
[WhiteElo "1958"]
[BlackElo "1844"]
[PlyCount "51"]
[EventDate "2012.02.18"]
[EventType "swiss"]
[EventRounds "7"]
[EventCountry "FRA"]
[SourceTitle "EXT 2013"]
[Source "ChessBase"]
[SourceDate "2012.11.22"]
[SourceVersion "1"]
[SourceVersionDate "2012.11.22"]
[SourceQuality "1"]

1. e4 c5 2. Nf3 e6 3. d4 cxd4 4. Nxd4 Nf6 5. Bd3 a6 6. 0-0 Qc7 7. Nc3 Bd6 8. h3 Bc5 9. Nb3 Ba7 10. Qe2 Nc6 11. Be3 Ne5 12. Bxa7 Rxa7 13. f4 Nxd3 14. cxd3 h5 15. e5 Qb6+ 16. d4 Nd5 17. Ne4 Ra8 18. Rac1 Ke7 19. Nd6 Nb4 20. Rc4 Nc6 21. Kh1 Qa7 22. f5 b5 23. Rc3 Bb7 24. Nc5 Rab8 25. fxe6 dxe6 26. Rxf7+ 1-0

[Event "Montigny le Bretonneux Noel op 13th"]
[Site "Montigny le Bretonneux"]
[Date "2010.12.30"]
[Round "6"]
[White "Hedjazian, Farhad"]
[Black "Ferreira, Carlos"]
[Result "0-1"]
[WhiteElo "1669"]
[BlackElo "1862"]
[PlyCount "74"]
[EventDate "2010.12.26"]
[EventType "swiss"]
[EventRounds "7"]
[EventCountry "FRA"]
[SourceTitle "CBM 140 Extra"]
[Source "ChessBase"]
[SourceDate "2011.03.01"]
[SourceVersion "1"]
[SourceVersionDate "2011.03.01"]
[SourceQuality "1"]

1. d4 Nf6 2. c4 d6 3. Nf3 Nbd7 4. Nc3 c6 5. e4 e5 6. Be2 Be7 7. 0-0 0-0 8. Bg5 Re8 9. Rc1 a6 10. Qd2 Qc7 11. d5 c5 12. Rfd1 Nf8 13. Nxe5 Nxe4 14. Nxe4 Bxg5 15. Qxg5 Rxe5 16. Qf4 Ng6 17. Qf3 Bd7 18. Ng3 Rae8 19. Bd3 Nh4 20. Qf4 Qd8 21. Qd2 Qe7 22. a3 Bg4 23. Rf1 Bf3 24. Nf5 Nxf5 25. Bxf5 Bxg2 26. Bxh7+ Kxh7 27. Kxg2 Re2 28. Qd3+ Kg8 29. Qg3 Qf6 30. b4 b6 31. bxc5 bxc5 32. Rc3 Qd4 33. Rb1 Qe4+ 34. Rf3 Qxb1 35. Qxd6 Re1 36. Qd7 Rg1+ 37. Kh3 Qh7# 0-1

[Event "Montigny le Bretonneux Noel op 13th"]
[Site "Montigny le Bretonneux"]
[Date "2010.12.28"]
[Round "4"]
[White "Ribiere, Damien"]
[Black "Ferreira, Carlos"]
[Result "0-1"]
[WhiteElo "1570"]
[BlackElo "1862"]
[PlyCount "140"]
[EventDate "2010.12.26"]
[EventType "swiss"]
[EventRounds "7"]
[EventCountry "FRA"]
[SourceTitle "CBM 140 Extra"]
[Source "ChessBase"]
[SourceDate "2011.03.01"]
[SourceVersion "1"]
[SourceVersionDate "2011.03.01"]
[SourceQuality "1"]

1. d4 Nf6 2. c4 d6 3. Nc3 Nbd7 4. e4 e5 5. d5 Be7 6. Be3 0-0 7. Be2 Re8 8. h3 Nf8 9. f4 exf4 10. Bxf4 Ng6 11. Qd2 Nxf4 12. Qxf4 Nd7 13. Nf3 Ne5 14. 0-0 Ng6 15. Qd2 Bf6 16. Nd4 Bg5 17. Qd3 Ne5 18. Qg3 Bh4 19. Qf4 Bf6 20. Nf5 Bg5 21. Qg3 g6 22. h4 Bxf5 23. hxg5 Bd7 24. Rf6 h5 25. Kf2 Bg4 26. b3 Bxe2 27. Kxe2 Ng4 28. Rf4 Qxg5 29. Raf1 Re7 30. b4 Qe5 31. Kd3 a5 32. b5 b6 33. a4 Qg7 34. Kc2 Qd4 35. Qd3 Ne3+ 36. Kd2 Qxd3+ 37. Kxd3 Nxf1 38. Rxf1 Rae8 39. Rf3 Re5 40. Rg3 Kg7 41. Ke3 f5 42. Kf4 fxe4 43. Re3 g5+ 44. Kg3 Kg6 45. Kh3 Kf5 46. g3 R5e7 47. Nd1 h4 48. Nc3 g4+ 49. Kg2 hxg3 50. Kxg3 Rh7 51. Ne2 Rh3+ 52. Kf2 Rxe3 53. Kxe3 Kg5 54. Ng3 Kh4 55. Ne2 g3 56. Ng1 Re7 57. Ke2 e3 58. Nf3+ Kh3 59. Ng1+ Kh2 60. Nf3+ Kh1 61. Nd4 g2 62. Nf3 g1Q 63. Nxg1 Kxg1 64. Ke1 e2 65. c5 dxc5 66. d6 cxd6 67. Kd2 e1Q+ 68. Kd3 Re3+ 69. Kc4 Qh4+ 70. Kd5 Qe4+ 0-1

[Event "Montigny le Bretonneux Noel op 13th"]
[Site "Montigny le Bretonneux"]
[Date "2010.12.27"]
[Round "2"]
[White "Etrog, Jonathan"]
[Black "Ferreira, Carlos"]
[Result "1-0"]
[WhiteElo "2181"]
[BlackElo "1862"]
[PlyCount "77"]
[EventDate "2010.12.26"]
[EventType "swiss"]
[EventRounds "7"]
[EventCountry "FRA"]
[SourceTitle "CBM 140 Extra"]
[Source "ChessBase"]
[SourceDate "2011.03.01"]
[SourceVersion "1"]
[SourceVersionDate "2011.03.01"]
[SourceQuality "1"]

1. d4 Nf6 2. c4 e6 3. g3 Bb4+ 4. Bd2 Bxd2+ 5. Qxd2 0-0 6. Bg2 d5 7. Nf3 Nc6 8. 0-0 Re8 9. Rd1 Ne4 10. Qe3 Ne7 11. Nc3 Nf5 12. Qd3 Ned6 13. cxd5 exd5 14. Nxd5 Be6 15. Nc3 Bc4 16. Qc2 c6 17. e4 Nh6 18. b3 Ba6 19. e5 Ndf5 20. Bh3 Ne7 21. Ng5 Ng6 22. Nge4 b6 23. Nd6 Re7 24. f4 Nf8 25. Nce4 Rc7 26. Rac1 Qe7 27. b4 Ne6 28. Bxe6 Qxe6 29. Ng5 Qg6 30. Qxg6 hxg6 31. b5 Bc8 32. Rxc6 Rxc6 33. bxc6 f6 34. Nge4 fxe5 35. fxe5 Bh3 36. c7 Rf8 37. Rc1 Bc8 38. Nxc8 Rxc8 39. Nd6 1-0

[Event "Montigny le Bretonneux Noel op 12th"]
[Site "Montigny le Bretonneux"]
[Date "2009.12.29"]
[Round "5"]
[White "Ferreira, Carlos"]
[Black "Bouvier, Clement"]
[Result "1-0"]
[WhiteElo "1865"]
[BlackElo "1770"]
[PlyCount "73"]
[EventDate "2009.12.26"]
[EventType "swiss"]
[EventRounds "7"]
[EventCountry "FRA"]
[SourceTitle "EXT 2011"]
[Source "ChessBase"]
[SourceDate "2010.11.26"]
[SourceVersion "1"]
[SourceVersionDate "2010.11.26"]
[SourceQuality "1"]

1. e4 c6 2. d4 d5 3. Nc3 dxe4 4. Nxe4 Bf5 5. Ng3 Bg6 6. Nf3 Nd7 7. Bd3 e6 8. 0-0 Ngf6 9. Re1 Bd6 10. Ne5 Bxd3 11. Qxd3 Qc7 12. Qe2 0-0 13. Bg5 Rac8 14. Nc4 Bxg3 15. hxg3 Nd5 16. Bd2 c5 17. dxc5 Qxc5 18. Na3 a6 19. c4 Nb4 20. Be3 Qe7 21. Nb1 Rfd8 22. a3 Nc6 23. Nc3 Na5 24. Ne4 h6 25. Rac1 Ne5 26. Rc3 Nd7 27. c5 Nf6 28. Nd6 Ra8 29. Rd1 Nd5 30. Rcd3 Nc6 31. f4 Rd7 32. Bd4 Nxd4 33. Rxd4 b6 34. b4 Nc3 35. Qf3 Nd5 36. Re1 Rad8 37. Rxd5 1-0

[Event "Montigny le Bretonneux Noel op 11th"]
[Site "Montigny le Bretonneux"]
[Date "2008.12.31"]
[Round "7"]
[White "Habunek, Patrick"]
[Black "Ferreira, Carlos"]
[Result "0-1"]
[WhiteElo "1730"]
[BlackElo "1816"]
[PlyCount "53"]
[EventDate "2008.12.26"]
[EventType "swiss"]
[EventRounds "7"]
[EventCountry "FRA"]
[SourceTitle "EXT 2010"]
[Source "ChessBase"]
[SourceDate "2010.11.25"]
[SourceVersion "1"]
[SourceVersionDate "2010.11.25"]
[SourceQuality "1"]

1. e4 c5 2. Nf3 e6 3. d4 cxd4 4. Nxd4 a6 5. c4 Qc7 6. Be3 Nf6 7. Bd3 Bd6 8. Nf3 Nc6 9. h3 Nb4 10. 0-0 b6 11. Nc3 Bb7 12. Rc1 Nxd3 13. Qxd3 Bf4 14. Bxf4 Qxf4 15. Rfe1 Bc6 16. Qe3 Qc7 17. Nd4 Bb7 18. b3 0-0 19. e5 Ne8 20. Ne4 Qxe5 21. f4 Qc7 22. Qg3 Bxe4 23. Rxe4 Nd6 24. Re5 f6 25. Re3 Rae8 26. Rce1 Qc5 27. f5 0-1

[Event "Montigny le Bretonneux Noel op 11th"]
[Site "Montigny le Bretonneux"]
[Date "2008.12.27"]
[Round "3"]
[White "Dumesnil, Alain"]
[Black "Ferreira, Carlos"]
[Result "0-1"]
[WhiteElo "1659"]
[BlackElo "1816"]
[PlyCount "84"]
[EventDate "2008.12.26"]
[EventType "swiss"]
[EventRounds "7"]
[EventCountry "FRA"]
[SourceTitle "EXT 2010"]
[Source "ChessBase"]
[SourceDate "2010.11.25"]
[SourceVersion "1"]
[SourceVersionDate "2010.11.25"]
[SourceQuality "1"]

1. f4 Nf6 2. Nf3 e6 3. e3 Bc5 4. b3 b6 5. Bb2 Bb7 6. Be2 d5 7. 0-0 Nc6 8. Bb5 0-0 9. Bxc6 Bxc6 10. Qe1 Bb5 11. d3 Ng4 12. Nd4 Bxd4 13. Bxd4 c5 14. Bb2 d4 15. e4 Ne3 16. Rf2 Ng4 17. Rf3 Bc6 18. Qg3 f5 19. Nd2 Nf6 20. Re1 a5 21. Qh3 Qc7 22. Ref1 Rae8 23. e5 Bxf3 24. Nxf3 Nd5 25. g3 Nb4 26. c3 Nxd3 27. Ba1 dxc3 28. Bxc3 Nb4 29. Rf2 Nd5 30. Bd2 Qb7 31. g4 Nb4 32. g5 g6 33. Qg3 Rd8 34. h4 Rd3 35. h5 Rf7 36. hxg6 hxg6 37. Qh2 Rh7 38. Nh4 Rh5 39. Kf1 Qh7 40. Qg2 Rd5 41. Be1 Rxh4 42. Rd2 Rh1+ 0-1

[Event "Montigny le Bretonneux Noel op 11th"]
[Site "Montigny le Bretonneux"]
[Date "2008.12.26"]
[Round "1"]
[White "Cheymol, Eric"]
[Black "Ferreira, Carlos"]
[Result "1/2-1/2"]
[WhiteElo "2167"]
[BlackElo "1816"]
[PlyCount "163"]
[EventDate "2008.12.26"]
[EventType "swiss"]
[EventRounds "7"]
[EventCountry "FRA"]
[SourceTitle "EXT 2010"]
[Source "ChessBase"]
[SourceDate "2010.11.25"]
[SourceVersion "1"]
[SourceVersionDate "2010.11.25"]
[SourceQuality "1"]

1. e4 c5 2. c3 Nf6 3. e5 Nd5 4. d4 e6 5. Nf3 cxd4 6. cxd4 Bb4+ 7. Bd2 Bxd2+ 8. Qxd2 Nc6 9. Nc3 Nxc3 10. bxc3 Ne7 11. Bd3 h6 12. 0-0 b6 13. Qe2 Bb7 14. Nd2 0-0 15. f4 d6 16. Rac1 Rc8 17. Nc4 dxe5 18. fxe5 Ba6 19. Nd6 Bxd3 20. Qxd3 Rc7 21. Qg3 Nc8 22. Ne4 Ne7 23. Nd6 Nc8 24. Ne4 Ne7 25. Rcd1 Kh8 26. Nd6 Nc8 27. Ne4 Ne7 28. Nd6 Nc8 29. d5 exd5 30. Rxd5 Nxd6 31. exd6 Rd7 32. c4 Qc8 33. Rf4 f6 34. Re4 Re8 35. Qe3 Rxe4 36. Qxe4 Qd8 37. Qe6 Qc8 38. Qe4 Qd8 39. Qd3 Qe8 40. Kf2 Qe6 41. h3 Kg8 42. a4 Kh8 43. a5 Qe8 44. axb6 axb6 45. Kf3 Qd8 46. Ke2 Kg8 47. Kd2 Qa8 48. Qb3 Qd8 49. Kc3 Kh8 50. Qd1 Qa8 51. Kb4 Qa2 52. g3 Qb2+ 53. Qb3 Qf2 54. Kb5 Rxd6 55. Rxd6 Qc5+ 56. Ka6 Qxd6 57. Qxb6 Qa3+ 58. Kb7 Qe7+ 59. Kc8 Kh7 60. c5 Qe8+ 61. Kc7 Qe7+ 62. Kc8 Qe8+ 63. Qd8 Qc6+ 64. Qc7 Qe8+ 65. Kb7 Qb5+ 66. Ka7 Qa4+ 67. Kb6 Qb4+ 68. Kc6 Qe4+ 69. Kd7 Qf5+ 70. Ke7 Qe4+ 71. Kf8 Qa8+ 72. Kf7 Qd5+ 73. Ke7 Qe4+ 74. Kd8 Qd5+ 75. Qd6 Qa8+ 76. Kd7 Qb7+ 77. Ke8 Qc8+ 78. Kf7 Qb7+ 79. Qe7 Qd5+ 80. Ke8 Qc6+ 81. Kd8 Qa8+ 82. Kc7 1/2-1/2

[Event "Montigny le Bretonneux Noel op 07th"]
[Site "Montigny le Bretonneux"]
[Date "2004.12.30"]
[Round "6"]
[White "Ferreira, Carlos"]
[Black "Chemin, Jean Pierre"]
[Result "0-1"]
[WhiteElo "1790"]
[BlackElo "1950"]
[PlyCount "62"]
[EventDate "2004.12.??"]
[EventType "swiss"]
[EventRounds "7"]
[EventCountry "FRA"]
[SourceTitle "EXT 2006"]
[Source "ChessBase"]
[SourceDate "2005.11.24"]
[SourceVersion "1"]
[SourceVersionDate "2005.11.24"]
[SourceQuality "1"]

1. e4 e6 2. d4 d5 3. Nc3 Bb4 4. e5 Ne7 5. Bd3 c5 6. a3 Bxc3+ 7. bxc3 Nbc6 8. Nf3 Qa5 9. Bd2 Bd7 10. c4 Qc7 11. cxd5 Nxd5 12. c3 f6 13. exf6 gxf6 14. g3 0-0-0 15. c4 Nb6 16. dxc5 Na4 17. Be3 Ne5 18. Nxe5 Qxe5 19. 0-0 Nb2 20. Qb1 Nxd3 21. Qxd3 Bc6 22. Qe2 f5 23. Rae1 Rhg8 24. Bf4 Qxf4 25. Qxe6+ Kb8 26. Re3 Be4 27. Rb3 Qc7 28. f3 Qxc5+ 29. Kh1 Rge8 30. Qf7 Re7 31. Qf6 Qxc4 0-1

[Event "Montigny le Bretonneux Noel op 06th"]
[Site "Montigny le Bretonneux"]
[Date "2003.12.30"]
[Round "6"]
[White "Baron, Romuald"]
[Black "Ferreira, Carlos"]
[Result "1/2-1/2"]
[WhiteElo "1950"]
[BlackElo "1700"]
[PlyCount "95"]
[EventDate "2003.12.26"]
[EventType "swiss"]
[EventRounds "6"]
[EventCountry "FRA"]
[SourceTitle "CBM 097 Extra"]
[Source "ChessBase"]
[SourceDate "2004.01.13"]
[SourceVersion "1"]
[SourceVersionDate "2004.01.13"]
[SourceQuality "1"]

1. Nf3 Nf6 2. c4 e6 3. Nc3 Bb4 4. Qc2 Bxc3 5. Qxc3 d5 6. d3 0-0 7. Bg5 Nbd7 8. g3 h6 9. Bxf6 Qxf6 10. cxd5 Qxc3+ 11. bxc3 exd5 12. Bg2 Re8 13. Nd4 c6 14. 0-0 Nb6 15. Rfe1 Bd7 16. Rab1 Re7 17. e3 Rae8 18. Rec1 Bc8 19. Nb3 Nd7 20. c4 dxc4 21. Rxc4 Ne5 22. Rc3 Bf5 23. e4 Bg4 24. d4 Ng6 25. Na5 Bc8 26. f4 Rd8 27. f5 Nf8 28. Rc4 Nh7 29. Rbc1 Nf6 30. d5 Re5 31. a4 Ne8 32. R4c3 Nd6 33. Nc4 Nxc4 34. Rxc4 Bd7 35. g4 g6 36. Rd4 Rc8 37. dxc6 Bxc6 38. h3 Rce8 39. Rcc4 g5 40. Kf2 Kg7 41. Ke3 Kh7 42. Bf1 h5 43. Bd3 hxg4 44. hxg4 Kg7 45. Be2 Rh8 46. Bf3 Rhe8 47. Rd6 Ra5 48. Rdd4 1/2-1/2

[Event "Saint Quentin op 5th"]
[Site "Saint Quentin"]
[Date "2002.??.??"]
[Round "6"]
[White "Ferreira, Carlos"]
[Black "Hamel, Olivier"]
[Result "0-1"]
[WhiteElo "1800"]
[BlackElo "2050"]
[PlyCount "62"]
[EventDate "2002.04.21"]
[EventType "swiss"]
[EventRounds "9"]
[EventCountry "FRA"]
[SourceTitle "CBM 088 Extra"]
[Source "ChessBase"]
[SourceDate "2002.07.01"]
[SourceVersion "2"]
[SourceVersionDate "2002.07.01"]
[SourceQuality "1"]

1. e4 e6 2. d4 d5 3. Nd2 Nf6 4. e5 Nfd7 5. Bd3 c5 6. c3 Nc6 7. Ne2 Qb6 8. Nf3 cxd4 9. cxd4 f6 10. exf6 Nxf6 11. Ng3 Bb4+ 12. Ke2 0-0 13. a3 Bd6 14. Kf1 e5 15. dxe5 Bxe5 16. Qc2 Nd4 17. Nxd4 Bxd4 18. f3 Bd7 19. h3 Rac8 20. Qd2 Rfe8 21. Qb4 Re6 22. Qxb6 Rxb6 23. Rb1 Rb3 24. Be2 g6 25. h4 Be5 26. f4 Bd4 27. Bf3 Rc2 28. Ne2 Bb5 29. h5 Ne4 30. Rh3 Bxe2+ 31. Bxe2 Rxh3 0-1

[Event "Saint Quentin op 5th"]
[Site "Saint Quentin"]
[Date "2002.??.??"]
[Round "4"]
[White "Ferreira, Carlos"]
[Black "Perodeau, Guillaume"]
[Result "1/2-1/2"]
[WhiteElo "1800"]
[BlackElo "1330"]
[PlyCount "74"]
[EventDate "2002.04.21"]
[EventType "swiss"]
[EventRounds "9"]
[EventCountry "FRA"]
[SourceTitle "CBM 088 Extra"]
[Source "ChessBase"]
[SourceDate "2002.07.01"]
[SourceVersion "2"]
[SourceVersionDate "2002.07.01"]
[SourceQuality "1"]

1. e4 e5 2. Nf3 Nc6 3. d4 exd4 4. Bc4 d6 5. Nxd4 Bd7 6. Nc3 Nf6 7. Bg5 g6 8. 0-0 Bg7 9. Nf3 0-0 10. Nd5 Be6 11. Re1 Ne5 12. Nxe5 dxe5 13. Nxf6+ Bxf6 14. Qxd8 Bxd8 15. Bxd8 Raxd8 16. Bxe6 fxe6 17. Rad1 Rd6 18. Rxd6 cxd6 19. Rd1 Rd8 20. c4 b6 21. f3 Kf8 22. Kf2 Ke7 23. Kg3 Kf6 24. h4 h5 25. b3 Rd7 26. Kf2 Rd8 27. Ke2 Rd7 28. Rd3 Rd8 29. Kd2 Ke7 30. Kc3 Kd7 31. a4 a5 32. Rd1 Kc6 33. Rg1 Rf8 34. Rf1 Rf7 35. g3 Rf8 36. b4 Rf7 37. b5+ Kc5 1/2-1/2

[Event "Saint Quentin op 5th"]
[Site "Saint Quentin"]
[Date "2002.??.??"]
[Round "5"]
[White "Rodriguez, Jean Pierre"]
[Black "Ferreira, Carlos"]
[Result "0-1"]
[WhiteElo "1380"]
[BlackElo "1800"]
[PlyCount "53"]
[EventDate "2002.04.21"]
[EventType "swiss"]
[EventRounds "9"]
[EventCountry "FRA"]
[SourceTitle "CBM 088 Extra"]
[Source "ChessBase"]
[SourceDate "2002.07.01"]
[SourceVersion "2"]
[SourceVersionDate "2002.07.01"]
[SourceQuality "1"]

1. d4 Nf6 2. c4 g6 3. Nc3 Bg7 4. Nf3 0-0 5. e4 d6 6. Be2 Nbd7 7. 0-0 c5 8. h3 cxd4 9. Nxd4 Nc5 10. Bf3 Nfd7 11. Be2 Nf6 12. Bf3 a6 13. a4 Rb8 14. Rb1 e5 15. Nb3 Qc7 16. Nd5 Nxd5 17. cxd5 Nxa4 18. Be3 b5 19. Qd2 f5 20. Rfc1 Qd8 21. Qb4 f4 22. Bd2 Nb6 23. Na5 Qe7 24. Nc6 Qg5 25. Nxb8 Bxh3 26. Qxd6 Nc4 27. Bxf4 0-1

[Event "Saint Quentin op 4th"]
[Site "Saint Quentin"]
[Date "2001.04.16"]
[Round "2.29"]
[White "Shirazi, Kamran"]
[Black "Ferreira, Carlos"]
[Result "1-0"]
[WhiteElo "2402"]
[BlackElo "1610"]
[PlyCount "53"]
[EventDate "2001.04.15"]
[EventType "swiss"]
[EventRounds "9"]
[EventCountry "FRA"]
[SourceTitle "EXT 2002"]
[Source "ChessBase"]
[SourceDate "2001.11.25"]
[SourceVersion "1"]
[SourceVersionDate "2001.11.25"]
[SourceQuality "1"]

1. e4 c5 2. Nf3 Nc6 3. d4 cxd4 4. c3 dxc3 5. Nxc3 e6 6. Bc4 Bc5 7. 0-0 a6 8. a3 b5 9. Ba2 Bb7 10. b4 Ba7 11. Bg5 Nge7 12. Nd5 0-0 13. Nf6+ Kh8 14. Nxd7 Re8 15. Nfe5 Nxe5 16. Nxe5 Qxd1 17. Raxd1 f6 18. Nf7+ Kg8 19. Nd6 fxg5 20. Bxe6+ Kf8 21. Nxb7 Ng6 22. Bd5 Rab8 23. Nc5 Bxc5 24. bxc5 Ne5 25. f4 gxf4 26. Rxf4+ Ke7 27. Rf5 1-0

[Event "Saint Quentin op 4th"]
[Site "Saint Quentin"]
[Date "2001.04.15"]
[Round "1.27"]
[White "Ferreira, Carlos"]
[Black "Pelle, Sebastien"]
[Result "1/2-1/2"]
[WhiteElo "1610"]
[BlackElo "2140"]
[PlyCount "52"]
[EventDate "2001.04.15"]
[EventType "swiss"]
[EventRounds "9"]
[EventCountry "FRA"]
[SourceTitle "EXT 2002"]
[Source "ChessBase"]
[SourceDate "2001.11.25"]
[SourceVersion "1"]
[SourceVersionDate "2001.11.25"]
[SourceQuality "1"]

1. e4 c5 2. Nc3 Nc6 3. Nf3 d6 4. Be2 a6 5. 0-0 Nf6 6. d3 g6 7. Bg5 Bg7 8. Qc1 h6 9. Bd2 e5 10. Re1 Be6 11. a4 g5 12. Kh1 Ne7 13. a5 Ng6 14. Na4 Nd7 15. Be3 Ne7 16. Nd2 Nc6 17. Nc4 Bxc4 18. dxc4 Nxa5 19. Rd1 Qc7 20. Nc3 Nc6 21. Nb5 Qb8 22. Nxd6+ Kf8 23. c3 Nd4 24. cxd4 Qxd6 25. dxc5 Qc7 26. b4 Ke7 1/2-1/2